| 000 | 00434nam a22001577a 4500 | ||
|---|---|---|---|
| 020 | _a9788194118282 | ||
| 082 |
_a294.592 1 _bUSH/N |
||
| 100 | _aUsha R Bhise | ||
| 245 |
_aNaradiya siksa: _bwith the commentary of bhatta sobhakara/ _cby Usha R Bhise |
||
| 260 |
_aPoona: _bBhandarkar Oriental Research Institute, _c1986. |
||
| 300 | _a145p. | ||
| 650 | _aVedic Literatue | ||
| 650 | _aHinduism | ||
| 650 | _aReligion | ||
| 942 | _cBK | ||
| 999 |
_c181207 _d181207 |
||